000 00321nam a2200145Ia 4500
008 160319s9999 xx 000 0 und d
020 _a0-786834307
050 _aFic
050 _b.L987d 2002
100 _aLynn, Anne
245 _aDisney's Aladdin /
245 _cAnne Lyn.
260 _c2002
300 _a30 pages;
999 _c292093
_d292093